000 00581nam a2200193 i 4500
001 22939
003 ES-MaACL
005 20250808012555.0
007 t|
008 021205s1944 sp ||||1| spa d
100 1 _aAlvarez-Sierra, José.
_9180820
245 1 0 _aDoctor Ferrán /
_cJosé Alvarez Sierra.
260 _aMadrid :
_bEditora Nacional,
_c1944 (
_fUguina)
300 _a262 p. ;
_c17 cm.
490 1 _aBreviarios de la vida española
830 0 0 _aBreviarios de la vida española
_9180821
852 _aES-MaACL
_jB-10160
_bR.21205
999 _c22939
_d22939